| 000 -LEADER |
| fixed length control field |
00780nam a2200253 a 4500 |
| 007 - PHYSICAL DESCRIPTION FIXED FIELD--GENERAL INFORMATION |
| fixed length control field |
ta |
| 008 - FIXED-LENGTH DATA ELEMENTS--GENERAL INFORMATION |
| fixed length control field |
200117t1997 xxuadb|g |||| 00| 0 eng d |
| 020 ## - INTERNATIONAL STANDARD BOOK NUMBER |
| International Standard Book Number |
9780821339190 |
| 040 ## - CATALOGING SOURCE |
| Original cataloging agency |
IMU Kochi Library |
| Language of cataloging |
eng |
| 041 0# - LANGUAGE CODE |
| Language code of text/sound track or separate title |
eng |
| 044 ## - COUNTRY OF PUBLISHING/PRODUCING ENTITY CODE |
| MARC country code |
United States |
| 082 04 - DEWEY DECIMAL CLASSIFICATION NUMBER |
| Edition number |
23 |
| Classification number |
363.7386 |
| Item number |
D7594 |
| 245 10 - TITLE STATEMENT |
| Title |
Rains-Asia An Assessment Model for Acide Deposition in Asia / |
| 260 ## - PUBLICATION, DISTRIBUTION, ETC. (IMPRINT) |
| Place of publication, distribution, etc |
Washington, D. C. : |
| Name of publisher, distributor, etc |
The World Bank , |
| Date of publication, distribution, etc |
1997. |
| 300 ## - PHYSICAL DESCRIPTION |
| Extent |
xiii , 67 p. : |
| Other physical details |
col.ill., col.charts., col.maps. ; |
| Dimensions |
24 cm |
| 490 0# - SERIES STATEMENT |
| Series statement |
Directions in Development ; |
| 650 #0 - SUBJECT ADDED ENTRY--TOPICAL TERM |
| Topical term or geographic name as entry element |
Acid rain |
| General subdivision |
Environmental aspects |
| Form subdivision |
Textbooks |
| 700 ## - ADDED ENTRY--PERSONAL NAME |
| Personal name |
Downing, Robert J. |
| Relator term |
Joint Author |
| 700 ## - ADDED ENTRY--PERSONAL NAME |
| Personal name |
Ramankutty, Ramesh |
| Relator term |
Joint Author |
| 700 ## - ADDED ENTRY--PERSONAL NAME |
| Personal name |
Shah, Jitendra J. |
| Relator term |
Joint Author |
| 852 ## - LOCATION/CALL NUMBER |
| Location |
IMU Kochi Library |
| 904 ## - LOCAL DATA ELEMENT D, LDD (RLIN) |
| CATALOGER |
Reshma Rajesh |
| 942 ## - ADDED ENTRY ELEMENTS (KOHA) |
| Item type |
Reference book |